| 000 | 00541nam a2200181Ia 4500 | ||
|---|---|---|---|
| 999 |
_c30205 _d30205 |
||
| 003 | OSt | ||
| 005 | 20201230093935.0 | ||
| 008 | 190216s9999||||xx |||||||||||||| ||und|| | ||
| 020 | _a9789352822324 | ||
| 040 | _coclc | ||
| 082 |
_a894.812301 _bAUT/G |
||
| 100 |
_aAuthors _91880 |
||
| 245 | 0 |
_aGogolinte Overcoatum Mattu Russian Masterpiece Kathakalum / _cAuthors |
|
| 260 |
_bD C Books Kerala, _c2018. _aKottayam: |
||
| 300 | _a192p | ||
| 650 | _aMalayalam | ||
| 942 |
_cBK _2ddc _h894.812301 _iAUT/G _k894.812301 _mAUT/G |
||